| 000 | 00680nam a2200217 a 4500 | ||
|---|---|---|---|
| 001 | BRCA_6303 | ||
| 005 | 20190320205415.0 | ||
| 008 | 040811s1944----mx-ao#####---#000-0#spa-# | ||
| 041 | _aspa | ||
| 044 | _amx | ||
| 050 | 4 |
_aSF425 _b.O38 1944 |
|
| 245 | 1 | 0 |
_a8a exposición de todas las razas, octubre 22-1944 _corganizada por la Asociación Canina Mexicana. |
| 260 |
_aMéxico _bJardines del Museo de Flora y Fauna. Bosque de Chapultepec _c1944 |
||
| 300 |
_a36 p. _bil., fotografías _c23 cm. |
||
| 500 | _aK166 | ||
| 650 | 1 | 4 |
_aPerros _vExposiciones _915811 |
| 650 | 1 | 4 |
_aPerros _xRazas _912887 |
| 710 | 2 |
_aAsociación Canina Mexicana. _915812 |
|
| 902 | _aGFM | ||
| 942 |
_2lcc _cB |
||
| 999 |
_c5989 _d5989 |
||